Normal view
MARC view
- Ambientalismo
Entry Materia
001 - NÚMERO DE CONTROL DEL REGISTRO
- campo de control: 4390
003 - IDENTIFICADOR DE NUMERO DE CONTROL
- campo de control: MX-MxUPN
005 - FECHA Y HORA DE LA ÚLTIMA TRANSACCIÓN
- campo de control: 20260401114426.0
008 - DATOS DE LONGITUD FIJA
- campo de control de longitud fija: 260401n||acnnnbabn | a|a |d
035 ## - NÚMERO DE CONTROL DEL SISTEMA
- Número de control del sistema: UPN10000004390
040 ## - FUENTE DE LA CATALOGACIÓN
- Centro catalogador de origen: MX-MxUPN
- Lengua de catalogación: spa
- Agencia de transcripción: MX-MxUPN
046 ## - FECHAS CON CODIFICACIÓN ESPECIAL
- Fecha final para contenidos agregados: 2022
150 ## - ENCABEZAMIENTO - TEMÁTICO
- Término de materia o nombre geográfico como elemento inicial: Ambientalismo
670 ## - FUENTE EN LA QUE SE LOCALIZARON DATOS
- Cita de la fuente: LC
- Información localizada: (Environmentalism)
- Identificador Uniforme del Recurso: https://lccn.loc.gov/sh93004752
902 ## - CATALOGADOR
- Catalogador: MCM/280706
- Catalogador: JohanaAllegre/010426
